[Event "Championnat de France des Jeunes - Benja"]
[Site "LA ROCHE SUR YON"]
[Date "2008.04.23"]
[Round "5.1"]
[White "Sochacki, Christophe"]
[Black "Moussard, Jules"]
[Result "1/2-1/2"]
[WhiteElo "2185"]
[BlackElo "2283"]
[PlyCount "144"]

1. e4 c5 2. Nf3 d6 3. d4 cxd4 4. Nxd4 Nf6 5. Nc3 g6 6. Be3 Bg7 7. f3 O-O 8. Bc4
Nc6 9. Qd2 Bd7 10. O-O-O Rc8 11. Bb3 Nxd4 12. Bxd4 b5 13. e5 dxe5 14. Bxe5 Bc6
15. Qxd8 Rfxd8 16. Ne2 a5 17. c3 a4 18. Bc2 Nd5 19. Bxg7 Kxg7 20. Rd3 e5 21.
Rhd1 Kf8 22. R3d2 Rd7 23. Be4 Rcd8 24. f4 f6 25. fxe5 fxe5 26. b3 Ke7 27. Bf3
Rd6 28. Re1 Kf6 29. Red1 Ke6 30. Re1 Kf6 31. Rf1 Ne3 32. Rxd6+ Rxd6 33. Rf2 a3
34. Bxc6+ Ke7 35. Kb1 Rxc6 36. Rf3 Nd5 37. Kc2 Ke6 38. Kd2 Rd6 39. Kc2 Nf6 40.
Ng3 Rc6 41. Kd3 Nd5 42. Ne4 Nf4+ 43. Kd2 Kd5 44. Ng5 h6 45. Nf7 g5 46. g3 Rf6
47. Nxe5 Kxe5 48. gxf4+ gxf4 49. c4 b4 50. Kd3 Rd6+ 51. Ke2 Ke4 52. Rh3 Rg6 53.
Kf2 Rf6 54. Rf3 h5 55. Ke2 Rf5 56. Kf2 h4 57. Ke2 Rh5 58. Rh3 Rh6 59. Kf2 Rd6
60. Ke2 Rg6 61. Kf2 Rg4 62. Rf3 Rg7 63. Rh3 Rh7 64. Ke2 Rh8 65. Kf2 Rh6 66. Ke2
Rg6 67. Kf2 Kf5 68. Ke2 Kg4 69. Kf2 Rd6 70. Ke2 Rd4 71. Kf2 Kf5 72. Kf3 Ke5
1/2-1/2

[Event "Championnat de France des Jeunes - Benja"]
[Site "LA ROCHE SUR YON"]
[Date "2008.04.23"]
[Round "5.2"]
[White "Lemeille, Francois"]
[Black "Ider, Borya"]
[Result "0-1"]
[WhiteElo "2090"]
[BlackElo "2074"]
[PlyCount "76"]

1. e4 c6 2. d4 d5 3. e5 c5 4. dxc5 Nc6 5. Bb5 e6 6. Be3 Bd7 7. Bxc6 Bxc6 8. c3
d4 9. Nf3 dxe3 10. fxe3 Qxd1+ 11. Kxd1 Bxc5 12. Ke2 Ne7 13. Nbd2 O-O 14. Nb3
Bb6 15. Nfd4 Rad8 16. Rhg1 Bd5 17. Nd2 Nf5 18. g4 Nxd4+ 19. exd4 f6 20. exf6
Rxf6 21. g5 Rf5 22. g6 Rdf8 23. gxh7+ Kxh7 24. Rg3 Rf2+ 25. Kd3 Rg2 26. Rh3+
Kg8 27. c4 Bc6 28. Ne4 Bxe4+ 29. Kxe4 Rg4+ 30. Ke5 Rf6 31. d5 Bd4+ 32. Kd6
exd5+ 33. Kxd5 Rf5+ 34. Ke6 Rf6+ 35. Kd7 Rgf4 36. Rd1 Rf7+ 37. Kd6 R7f6+ 38.
Kd7 Bb6 0-1

[Event "Championnat de France des Jeunes - Benja"]
[Site "LA ROCHE SUR YON"]
[Date "2008.04.24"]
[Round "5.3"]
[White "Lagarde, Maxime"]
[Black "Ringuet, Noe"]
[Result "1-0"]
[WhiteElo "2308"]
[BlackElo "1821"]
[PlyCount "86"]

1. e4 c5 2. Nf3 d6 3. d4 cxd4 4. Nxd4 Nf6 5. Nc3 a6 6. Be3 e5 7. Nb3 Be6 8. f3
Be7 9. Qd2 O-O 10. O-O-O Nbd7 11. g4 b5 12. Kb1 b4 13. Nd5 Bxd5 14. exd5 a5 15.
g5 Ne8 16. Rg1 a4 17. Nc1 Qb8 18. Rg4 b3 19. cxb3 axb3 20. a3 Nc5 21. Nd3 Qb7
22. Nb4 Nc7 23. Nc6 N7a6 24. Rc1 Rfc8 25. h4 Rxc6 26. dxc6 Qxc6 27. Bc4 Qxf3
28. Rgg1 Nb4 29. Qxb4 Qxe3 30. Ka1 d5 31. Bxd5 Rd8 32. Qc4 Nd3 33. Bxf7+ Kh8
34. Qxb3 Qf2 35. Rcf1 Qd4 36. Rd1 e4 37. Bc4 Qe5 38. Bxd3 exd3 39. Rxd3 Rf8 40.
Rgd1 h6 41. g6 Bxh4 42. Re3 Qh2 43. Rh3 Qe5 1-0

[Event "Championnat de France des Jeunes - Benja"]
[Site "LA ROCHE SUR YON"]
[Date "2008.04.24"]
[Round "5.4"]
[White "Netzer, Jacques"]
[Black "Ane, Cedric"]
[Result "1-0"]
[WhiteElo "2059"]
[BlackElo "2020"]
[PlyCount "109"]

1. e4 c5 2. Ne2 Nf6 3. Nbc3 g6 4. d4 cxd4 5. Nxd4 Bg7 6. Nde2 Nc6 7. g3 d6 8.
h3 O-O 9. Bg2 Bd7 10. O-O Rc8 11. Be3 Qa5 12. a4 Ne5 13. Ra2 Nc4 14. Bc1 Nb6
15. b3 Ne8 16. Nd5 Nxd5 17. exd5 Qc7 18. c4 a6 19. Be3 b5 20. cxb5 axb5 21. a5
b4 22. Qd3 Bf5 23. Qb5 Rb8 24. Bb6 Qc5 25. Qxc5 dxc5 26. Bxc5 Nd6 27. Nd4 Bxd4
28. Bxd4 Rfc8 29. a6 Ra8 30. a7 Kf8 31. Ra4 Rc7 32. Rxb4 Bc8 33. Rb8 Raxa7 34.
Bxa7 Rxa7 35. Rc1 Ke8 36. Rcxc8+ Nxc8 37. Rxc8+ Kd7 38. Rc1 Ra2 39. Bf1 Kd6 40.
Bc4 Ra7 41. Kg2 h5 42. Kf3 Ke5 43. Rc2 g5 44. Ke3 Ra1 45. d6 exd6 46. Bxf7 h4
47. gxh4 gxh4 48. Rc4 Kf6 49. Bd5 Ra5 50. Kd4 Ra2 51. Rc3 Kg5 52. Ke3 Ra5 53.
Rd3 Kf6 54. b4 Rb5 55. Rd4 1-0

[Event "Championnat de France des Jeunes - Benja"]
[Site "LA ROCHE SUR YON"]
[Date "2008.04.24"]
[Round "5.5"]
[White "Loiseau, Quentin"]
[Black "Boukhris-Ferre, Yacine"]
[Result "1-0"]
[WhiteElo "2012"]
[BlackElo "1885"]
[PlyCount "61"]

1. Nf3 Nf6 2. c4 g6 3. Nc3 Bg7 4. e4 d6 5. d4 O-O 6. Be2 e5 7. Be3 Na6 8. O-O
c6 9. d5 Ng4 10. Bg5 f6 11. Bh4 g5 12. Bg3 f5 13. Nd2 Nf6 14. exf5 Bxf5 15. Bf3
g4 16. Be4 Nxe4 17. Ndxe4 c5 18. f3 gxf3 19. Qxf3 Nc7 20. Qxf5 Rxf5 21. Rxf5
Qe7 22. Raf1 Rf8 23. Rxf8+ Bxf8 24. Nf6+ Kh8 25. Nce4 Ne8 26. Bh4 h6 27. g3 Nc7
28. b3 b5 29. Nh5 Qe8 30. Bf6+ Kg8 31. Bg7 1-0

[Event "Championnat de France des Jeunes - Benja"]
[Site "LA ROCHE SUR YON"]
[Date "2008.04.23"]
[Round "5.1"]
[White "Haussernot, Cecile"]
[Black "Eid, Maha"]
[Result "1-0"]
[WhiteElo "1864"]
[BlackElo "1942"]
[PlyCount "75"]

1. e4 c5 2. Nf3 Nc6 3. d4 cxd4 4. Nxd4 g6 5. Nc3 Bg7 6. Nxc6 bxc6 7. Bc4 Qc7 8.
O-O Nf6 9. f4 d6 10. h3 O-O 11. f5 Qb6+ 12. Kh1 Nh5 13. Qf3 Be5 14. Be3 Qxb2
15. Ne2 Qb4 16. fxg6 Qxc4 17. gxh7+ Kh8 18. Qxh5 Ba6 19. Rae1 Qxe4 20. Bf4 Bg7
21. Bg5 Qg6 22. Qxg6 fxg6 23. Rxf8+ Rxf8 24. Nf4 Rxf4 25. Bxf4 e5 26. Be3 Bc4
27. Bxa7 Bxa2 28. Bb8 d5 29. Bxe5 Kxh7 30. Bxg7 Kxg7 31. Re7+ Kf6 32. Rc7 Kf5
33. Rxc6 Bc4 34. Kg1 g5 35. Kf2 Bb5 36. Rc5 Bc4 37. Rxc4 dxc4 38. Ke1 1-0

[Event "Championnat de France des Jeunes - Benja"]
[Site "LA ROCHE SUR YON"]
[Date "2008.04.23"]
[Round "5.2"]
[White "Monpeurt, Cyrielle"]
[Black "Seelen, Amandine"]
[Result "1-0"]
[WhiteElo "1734"]
[BlackElo "1500"]
[PlyCount "87"]

1. e4 e6 2. d4 d5 3. Nc3 Nf6 4. Bg5 Be7 5. Bxf6 Bxf6 6. Nf3 c5 7. e5 Be7 8. Be2
Nc6 9. Bb5 Qb6 10. O-O O-O 11. Bxc6 bxc6 12. b3 cxd4 13. Nxd4 c5 14. Nf3 Bb7
15. Re1 Rfd8 16. Qe2 Ba6 17. Qd2 Rac8 18. Rad1 c4 19. Na4 Qb5 20. Nd4 Qb7 21.
Qf4 Bc5 22. Nxc5 Rxc5 23. Re3 cxb3 24. cxb3 Qe7 25. Rg3 Qf8 26. Qh4 Rdc8 27. h3
Rc3 28. Rg4 Rc1 29. Rxc1 Rxc1+ 30. Kh2 Ra1 31. Rf4 Bc8 32. Nf3 h6 33. Rg4 g6
34. Qg3 Qg7 35. Nh4 Kh7 36. Qc3 Rxa2 37. Qxc8 Rxf2 38. Qc7 h5 39. Rg3 g5 40.
Nf3 g4 41. Nd4 Rf4 42. Nc6 d4 43. Qxa7 Qg6 44. Nxd4 1-0

[Event "Championnat de France des Jeunes - Benja"]
[Site "LA ROCHE SUR YON"]
[Date "2008.04.23"]
[Round "5.3"]
[White "Bertin, Cecile"]
[Black "Aflalo, Sophie"]
[Result "0-1"]
[WhiteElo "1540"]
[BlackElo "1959"]
[PlyCount "35"]

1. e4 c5 2. Nf3 Nc6 3. d4 cxd4 4. Nxd4 Nf6 5. Nc3 e5 6. Ndb5 d6 7. Bg5 a6 8.
Na3 b5 9. Nd5 Be7 10. Bxf6 Bxf6 11. c3 O-O 12. Nc2 Bg5 13. a4 bxa4 14. Rxa4 a5
15. Bc4 Rb8 16. b3 Kh8 17. O-O g6 18. b4 {suite difficilement lisible} 0-1

[Event "Championnat de France des Jeunes - Benja"]
[Site "LA ROCHE SUR YON"]
[Date "2008.04.23"]
[Round "5.4"]
[White "Verwaerde, Jolanthe"]
[Black "Neuhauser, Salome"]
[Result "0-1"]
[WhiteElo "1520"]
[BlackElo "1945"]
[PlyCount "54"]

1. e4 c5 2. Nf3 Nc6 3. Nc3 g6 4. h4 h5 5. Ng5 e6 6. Bc4 Bg7 7. Nb5 d6 8. Qf3
Ne5 9. Qf4 Nf6 10. Be2 a6 11. Nc3 O-O 12. d3 Nc6 13. Be3 b6 14. O-O-O d5 15.
exd5 Nxd5 16. Nxd5 exd5 17. Nf3 Re8 18. Qa4 Bd7 19. Qb3 d4 20. Bg5 Qc7 21. Rhe1
Na5 22. Qa3 Bf8 23. Bd2 Nc6 24. b3 c4 25. Qb2 c3 26. Bxc3 dxc3 27. Qa1 Ba3+ 0-1

[Event "Championnat de France des Jeunes - Benja"]
[Site "LA ROCHE SUR YON"]
[Date "2008.04.23"]
[Round "5.5"]
[White "Guo, Charlotte"]
[Black "Alonso, Audrey"]
[Result "1/2-1/2"]
[WhiteElo "1700"]
[BlackElo "1530"]
[PlyCount "92"]

1. e4 e5 2. Nf3 Nc6 3. Bc4 Be7 4. d4 exd4 5. c3 Na5 6. Qxd4 Nxc4 7. Qxc4 d6 8.
O-O Nf6 9. Be3 O-O 10. Nbd2 d5 11. exd5 Nxd5 12. Bd4 Be6 13. Qe2 Bf6 14. Rfe1
Re8 15. Bxf6 Nxf6 16. Qb5 Bd5 17. c4 Bc6 18. Qb4 Qd7 19. Ne5 Qd6 20. Nxc6 Qxc6
21. Nf3 Rad8 22. b3 h6 23. h3 b6 24. Rad1 a5 25. Rxe8+ Rxe8 26. Qd2 Qc5 27. Qd4
Qa3 28. Rd2 Qe7 29. Qd3 Qc5 30. Re2 Qc6 31. Rxe8+ Qxe8 32. Kf1 Kf8 33. Qe2 Qe7
34. Qxe7+ Kxe7 35. Ke2 Ne4 36. a4 Nc5 37. Nd2 Ke6 38. Ke3 f5 39. Kd4 Kd6 40. f3
g6 41. g4 fxg4 42. fxg4 g5 43. Ne4+ Nxe4 44. Kxe4 Ke6 45. Kd4 Kd6 46. Ke4 Ke6
1/2-1/2

[Event "Championnat de France des Jeunes - Pupil"]
[Site "LA ROCHE SUR YON"]
[Date "2008.04.23"]
[Round "5.1"]
[White "Giroyan, Gary"]
[Black "Purenne, Benoit"]
[Result "0-1"]
[WhiteElo "2047"]
[BlackElo "1877"]
[PlyCount "94"]

1. e4 c5 2. Nf3 e6 3. d4 cxd4 4. Nxd4 a6 5. Bd3 Bc5 6. Nb3 Ba7 7. Qe2 Nc6 8.
Be3 d6 9. Bxa7 Rxa7 10. c3 Nf6 11. N1d2 O-O 12. O-O Qc7 13. Rfe1 Ne5 14. Bc2
Bd7 15. Nd4 Ng6 16. Qe3 Raa8 17. h3 e5 18. Ne2 d5 19. Qg3 Nh5 20. Qg5 Nhf4 21.
Nxf4 Nxf4 22. exd5 Rae8 23. c4 f5 24. Qg3 Rf6 25. Qh2 Rg6 26. g3 Nxd5 27. Bd1
Nf4 28. Kf1 Nd3 29. Bh5 Nxe1 30. Bxg6 Nf3 31. Bxh7+ Kxh7 32. Nxf3 Qxc4+ 33. Kg1
Kg8 34. Re1 Bc6 35. Ng5 Qb4 36. Rf1 Qxb2 37. h4 Bb5 38. h5 Bxf1 39. h6 Re7 40.
Qh5 Qb1 41. Qg6 Bd3+ 42. Kh2 f4 43. Qd6 fxg3+ 44. Kxg3 Qg1+ 45. Kh4 Qh1+ 46.
Nh3 Qe4+ 47. Kh5 Be2+ 0-1

[Event "Championnat de France des Jeunes - Pupil"]
[Site "LA ROCHE SUR YON"]
[Date "2008.04.23"]
[Round "5.2"]
[White "Gelas, Christophe"]
[Black "Lamard, Guillaume"]
[Result "0-1"]
[WhiteElo "1813"]
[BlackElo "2024"]
[PlyCount "68"]

1. d4 d5 2. c4 c6 3. Nf3 Nf6 4. Nc3 e6 5. Bg5 dxc4 6. e4 b5 7. e5 h6 8. Bh4 g5
9. Nxg5 hxg5 10. Bxg5 Nbd7 11. exf6 Qb6 12. g3 Bb7 13. Bg2 O-O-O 14. O-O Bh6
15. Be3 Nxf6 16. Qf3 Bxe3 17. fxe3 Rh6 18. a4 a6 19. Qf4 Rdh8 20. h3 Qc7 21. g4
Rg6 22. e4 e5 23. Qxe5 Qxe5 24. dxe5 Nd7 25. axb5 cxb5 26. Nd5 Bxd5 27. exd5
Nxe5 28. Be4 Rgh6 29. Rf5 Re8 30. Kg2 Ng6 31. g5 Nh4+ 32. Kg3 Rxe4 33. gxh6
Nxf5+ 34. Kf3 Rh4 0-1

[Event "Championnat de France des Jeunes - Pupil"]
[Site "LA ROCHE SUR YON"]
[Date "2008.04.23"]
[Round "5.3"]
[White "Sarafian, Thomas"]
[Black "Valente, Alexandre"]
[Result "0-1"]
[WhiteElo "1830"]
[BlackElo "1910"]
[PlyCount "52"]

1. e4 c5 2. Nf3 d6 3. d4 cxd4 4. Nxd4 Nf6 5. Nc3 a6 6. Bc4 e6 7. Bb3 Nbd7 8.
O-O Nc5 9. Re1 Be7 10. Kh1 O-O 11. Re3 Qc7 12. Qe2 b5 13. a4 Nxb3 14. Nxb3 b4
15. Na2 a5 16. Rg3 Kh8 17. Nd4 Ba6 18. Nb5 Qb7 19. e5 dxe5 20. Qxe5 Rfd8 21.
Be3 Rac8 22. Nd4 Rd5 23. Qf4 Bd6 24. Qf3 Bxg3 25. Qxg3 Qd7 26. Qh4 Rxc2 0-1

[Event "Championnat de France des Jeunes - Pupil"]
[Site "LA ROCHE SUR YON"]
[Date "2008.04.23"]
[Round "5.4"]
[White "Grundman, Anatole"]
[Black "Mirimanian, Haik"]
[Result "1/2-1/2"]
[WhiteElo "1764"]
[BlackElo "1832"]
[PlyCount "80"]

1. d4 d5 2. Nf3 Nf6 3. c4 c6 4. Nc3 e6 5. Bf4 Bd6 6. Bg3 Ne4 7. Bxd6 Nxd6 8. c5
Ne4 9. e3 b6 10. cxb6 Qxb6 11. Qc2 Nf6 12. Bd3 Ba6 13. Rb1 Bxd3 14. Qxd3 Na6
15. a3 O-O 16. O-O c5 17. Ne5 c4 18. Qe2 Qd6 19. f4 Nd7 20. Rf3 Rab8 21. Rh3 f5
22. g4 fxg4 23. Nxg4 Nc7 24. Kh1 Kh8 25. Rg1 Nf6 26. Ne5 Kg8 27. Rhg3 Nce8 28.
Qg2 Qe7 29. f5 exf5 30. Nxd5 Nxd5 31. Qxd5+ Kh8 32. Rh3 Rb6 33. Ng6+ Rxg6 34.
Rxg6 Nf6 35. Qxf5 Qb7+ 36. Rg2 h6 37. Rf3 Nh7 38. Qxf8+ Nxf8 39. Rxf8+ Kh7 40.
Rff2 Qe4 1/2-1/2

[Event "Championnat de France des Jeunes - Pupil"]
[Site "LA ROCHE SUR YON"]
[Date "2008.04.23"]
[Round "5.5"]
[White "Grandadam, Patrick"]
[Black "Bigonnet, Jean-Michel"]
[Result "1-0"]
[WhiteElo "1965"]
[BlackElo "1755"]
[PlyCount "51"]

1. Nf3 Nf6 2. c4 e6 3. Nc3 d5 4. d4 Nbd7 5. Bg5 c6 6. e3 Qa5 7. cxd5 Nxd5 8.
Qd2 Bb4 9. Rc1 N7b6 10. a3 Bxc3 11. bxc3 Nd7 12. Bd3 c5 13. e4 Nc7 14. O-O O-O
15. Qf4 f6 16. Bh4 e5 17. dxe5 fxe5 18. Qg3 Qxa3 19. Bc4+ Kh8 20. Nxe5 Nxe5 21.
Qxe5 Qa5 22. Be7 Re8 23. Bf7 Rxe7 24. Qxe7 Be6 25. Bxe6 Re8 26. Qf7 1-0

[Event "Championnat de France des Jeunes - Pupil"]
[Site "LA ROCHE SUR YON"]
[Date "2008.04.23"]
[Round "5.1"]
[White "Rigolot, Lucie"]
[Black "Bellaiche, Elise"]
[Result "0-1"]
[WhiteElo "1723"]
[BlackElo "1714"]
[PlyCount "102"]

1. e4 e6 2. d4 d5 3. Nd2 c5 4. Ngf3 cxd4 5. exd5 Qxd5 6. Bc4 Qd6 7. Qe2 Nf6 8.
Nb3 Nc6 9. O-O a6 10. a4 Bd7 11. Rd1 Qc7 12. Nbxd4 Nxd4 13. Rxd4 Bd6 14. Bg5
Bc6 15. h3 h6 16. Bxe6 Bxf3 17. gxf3 hxg5 18. Bf5+ Kf8 19. Rad1 Bh2+ 20. Kg2
Nh5 21. Qd2 g6 22. Bg4 Nf4+ 23. Kf1 Nxh3 24. Qb4+ Kg7 25. Rd7 Qf4 26. Qxb7 Qc4+
27. R1d3 Nf4 28. Rxf7+ Kh6 29. Rc7 Qa2 30. Rd1 Rad8 31. Re1 Qd5 32. Qb4 Nd3 33.
cxd3 Bxc7 34. Kg2 Qd6 35. Qc3 Qh2+ 36. Kf1 Qh1+ 37. Ke2 Rhe8+ 38. Kd1 Qxe1+ 39.
Qxe1 Rxe1+ 40. Kxe1 Rxd3 41. Ke2 Rb3 42. Be6 Rxb2+ 43. Ke3 Bb6+ 44. Ke4 Rb4+
45. Kd3 Rxa4 46. f4 Rxf4 47. Bc4 Rxc4 48. Kxc4 Bxf2 49. Kb4 g4 50. Ka5 g3 51.
Kxa6 g2 0-1

[Event "Championnat de France des Jeunes - Pupil"]
[Site "LA ROCHE SUR YON"]
[Date "2008.04.23"]
[Round "5.2"]
[White "Pouillart, Cecile"]
[Black "Navrotescu, Andreea-Cristiana"]
[Result "0-1"]
[WhiteElo "1640"]
[BlackElo "1723"]
[PlyCount "118"]

1. e4 c5 2. Nf3 d6 3. d4 cxd4 4. Nxd4 Nf6 5. Nc3 a6 6. Bg5 e6 7. f4 Nbd7 8. Qf3
Qc7 9. O-O-O b5 10. Bxf6 Nxf6 11. f5 b4 12. Nce2 e5 13. Nb3 Bb7 14. Ng3 O-O-O
15. Qe3 Kb8 16. Bd3 d5 17. Qe2 Rc8 18. Kb1 Ka7 19. exd5 Nxd5 20. Qf2+ Bc5 21.
Nxc5 Qxc5 22. Qxc5+ Rxc5 23. Ne4 Rc7 24. Rhe1 Nf4 25. g3 Nxd3 26. Rxd3 Bxe4 27.
Rxe4 Rhc8 28. Rd2 f6 29. Rxb4 g6 30. g4 gxf5 31. gxf5 Rg8 32. Kc1 Rg1+ 33. Rd1
Rg5 34. Rf1 Rg2 35. c3 Rxh2 36. Rg4 Rb7 37. Rb4 Rxb4 38. cxb4 Kb6 39. a4 h5 40.
Rd1 Kc6 41. Rd8 Rf2 42. Re8 Rxf5 43. Re6+ Kb7 44. Re7+ Kb8 45. Re8+ Kc7 46.
Re7+ Kd6 47. Ra7 h4 48. Rxa6+ Kd5 49. Ra8 Rh5 50. Rd8+ Kc6 51. b5+ Kc7 52. Rd3
h3 53. Rc3+ Kb7 54. a5 h2 55. a6+ Kb8 56. b6 h1=Q+ 57. Kc2 Rh2+ 58. Kb3 Qd1+
59. Kb4 Rxb2+ 0-1

[Event "Championnat de France des Jeunes - Pupil"]
[Site "LA ROCHE SUR YON"]
[Date "2008.04.23"]
[Round "5.3"]
[White "Bekhouche, Marion"]
[Black "Rei-Rosa, Sophie"]
[Result "1-0"]
[WhiteElo "1697"]
[BlackElo "1510"]
[PlyCount "123"]

1. d4 d5 2. c4 e6 3. Nc3 Nf6 4. Bg5 Be7 5. Nf3 O-O 6. e3 Nbd7 7. Bd3 dxc4 8.
Bxc4 b6 9. O-O Bb7 10. Rc1 c5 11. dxc5 Nxc5 12. Qe2 Nce4 13. Nxe4 Nxe4 14. Bxe7
Qxe7 15. Rfd1 Rac8 16. Bb5 Rfd8 17. Rxc8 Bxc8 18. Nd4 e5 19. Nc6 Rxd1+ 20. Qxd1
Qd7 21. Qxd7 Bxd7 22. Nxa7 Be6 23. a4 Bb3 24. Nc8 Kf8 25. Nxb6 Ke7 26. Nc4 f6
27. f3 Nc5 28. a5 Ke6 29. a6 Nxa6 30. Bxa6 Kd5 31. Nd2 Ba4 32. b4 Kc6 33. Bd3
g6 34. Nb1 Bb5 35. Bxb5+ Kxb5 36. Nc3+ Kxb4 37. Nd5+ Kc4 38. Nxf6 h6 39. Kf2 g5
40. Kg3 Kd3 41. e4 Ke3 42. h4 gxh4+ 43. Kxh4 Kf2 44. Ng4+ Kxg2 45. Nxe5 h5 46.
f4 Kf2 47. f5 Ke3 48. f6 Kxe4 49. f7 Kxe5 50. f8=Q Ke4 51. Qc5 Kf4 52. Qd5 Ke3
53. Qc4 Kf2 54. Qd3 Kg2 55. Qe3 Kh2 56. Qh3+ Kg1 57. Kg3 h4+ 58. Kg4 Kf2 59.
Qf3+ Kg1 60. Qe2 Kh1 61. Kh3 Kg1 62. Qg2# 1-0

[Event "Championnat de France des Jeunes - Pupil"]
[Site "LA ROCHE SUR YON"]
[Date "2008.04.23"]
[Round "5.4"]
[White "Le Guennec, Nolwen"]
[Black "Fischer, Julie"]
[Result "0-1"]
[WhiteElo "1510"]
[BlackElo "1671"]
[PlyCount "112"]

1. e4 c5 2. Nf3 e6 3. c3 d5 4. exd5 Qxd5 5. c4 Qd8 6. d4 cxd4 7. Qxd4 Qxd4 8.
Nxd4 e5 9. Nb5 Bb4+ 10. Bd2 Bxd2+ 11. Nxd2 Na6 12. O-O-O Ke7 13. Nf3 Bg4 14.
Be2 f6 15. h3 Bf5 16. Nd6 Bc8 17. Rd2 Nh6 18. Rhd1 Rd8 19. g4 Nf7 20. Nxf7 Rxd2
21. Rxd2 Kxf7 22. Rd8 g6 23. Kc2 Bf5+ 24. gxf5 Rxd8 25. fxg6+ hxg6 26. Kc3 Nc5
27. Kb4 Nd3+ 28. Kb3 Nc1+ 29. Ka4 Nxe2 30. b4 Nc3+ 31. Ka3 Ne4 32. Ka4 Nxf2 33.
h4 e4 34. Ne1 Nd3 35. Nc2 Rh8 36. Kb3 Rxh4 37. Kc3 Rh3 38. Kd4 f5 39. b5 Rh2
40. Kc3 b6 41. a4 Nc5 42. Ne3 Nxa4+ 43. Kd4 Ke6 44. Nf1 Rf2 45. Ng3 Rf3 46.
Nxe4 fxe4 47. Kxe4 Rf5 48. Kd4 g5 49. Ke4 g4 50. c5 Nxc5+ 51. Ke3 g3 52. Ke2 g2
53. Kd2 g1=Q 54. Kc2 Qg3 55. Kd2 Rf2+ 56. Ke1 Qg1# 0-1

[Event "Championnat de France des Jeunes - Pouss"]
[Site "LA ROCHE SUR YON"]
[Date "2008.04.23"]
[Round "1.1"]
[White "Msellek, Ilyass"]
[Black "Meunier, Clement"]
[Result "1-0"]
[WhiteElo "1829"]
[BlackElo "1430"]
[PlyCount "92"]

1. e4 d5 2. exd5 Qxd5 3. Nc3 Qa5 4. d4 Nf6 5. Nf3 Bf5 6. Bc4 e6 7. Bd2 c6 8.
Qe2 Bd6 9. O-O-O O-O 10. Ne5 Nbd7 11. Nxd7 Nxd7 12. g4 Bg6 13. Kb1 b5 14. Bd3
Bxd3 15. Qxd3 Qc7 16. Ne4 a5 17. Nxd6 Qxd6 18. f4 Nf6 19. f5 Nxg4 20. Qf3 Nf6
21. Rhg1 exf5 22. Qxf5 g6 23. Bg5 Nh5 24. Qh3 Rfe8 25. Bh6 Nf4 26. Qg3 Re4 27.
Rgf1 Rxd4 28. Rxd4 Qxd4 29. Bxf4 Qc4 30. Qf3 Ra7 31. Be5 Re7 32. Bf6 Re4 33.
Rd1 Re8 34. Bd4 c5 35. Be5 f5 36. h4 Rc8 37. Qb7 Re8 38. Bd6 Qf7 39. Qxb5 f4
40. Bxf4 Re4 41. Bc1 Rxh4 42. b3 a4 43. Bb2 Qf8 44. Qd7 Qf7 45. Qd8+ Qf8 46.
Qxh4 Qf5 1-0

[Event "Championnat de France des Jeunes - Pouss"]
[Site "LA ROCHE SUR YON"]
[Date "2008.04.23"]
[Round "1.4"]
[White "Andreyuk, Alexandre"]
[Black "Boudia, Samy"]
[Result "0-1"]
[WhiteElo "1410"]
[BlackElo "1690"]
[PlyCount "67"]

1. e4 d6 2. d4 Nf6 3. Nc3 g6 4. f4 Bg7 5. Nf3 O-O 6. Be3 Nbd7 7. Qd2 Rb8 8. h3
Nh5 9. g4 Ng3 10. Rg1 Nxf1 11. Rxf1 b5 12. h4 b4 13. Nd5 a5 14. f5 c6 15. Nf4
Nf6 16. e5 Nxg4 17. exd6 Nxe3 18. Qxe3 exd6 19. fxg6 Re8 20. gxf7+ Kxf7 21.
Ng5+ Kg8 22. Nge6 Qxh4+ 23. Kd1 Bxe6 24. Nxe6 Qg4+ 25. Kd2 Qxe6 26. Qxe6+ Rxe6
27. Rae1 Rbe8 28. Rxe6 Rxe6 29. Kd3 Rf6 30. Re1 Kf7 31. Rh1 h6 32. Kc4 Rf2 33.
Rc1 Bf8 34. Kb3 0-1

[Event "Championnat de France des Jeunes - Pouss"]
[Site "LA ROCHE SUR YON"]
[Date "2008.04.23"]
[Round "1.5"]
[White "Rey, Gaetan"]
[Black "Dubocage, Thibaut"]
[Result "1-0"]
[WhiteElo "1690"]
[BlackElo "1410"]
[PlyCount "75"]

1. e4 e6 2. d4 d5 3. exd5 exd5 4. c4 c6 5. Nc3 Bd6 6. cxd5 cxd5 7. Nxd5 f5 8.
Nc3 Nf6 9. Nf3 O-O 10. Bc4+ Kh8 11. O-O Bd7 12. Be3 Be8 13. Qb3 b6 14. Rac1
Nbd7 15. Ng5 Qe7 16. Ne6 Ng4 17. Nxf8 Nxf8 18. Nd5 Bxh2+ 19. Kh1 Qh4 20. Rfd1
Bg3+ 21. Kg1 Qh2+ 22. Kf1 Qh1+ 23. Ke2 Qxg2 24. Rg1 Qh2 25. Rxg3 Nxf2 26. Bxf2
Bh5+ 27. Ke1 Qh1+ 28. Bf1 Re8+ 29. Ne3 Qe4 30. Qd3 Qe6 31. d5 Qe5 32. Qc3 Qe7
33. d6 Qf7 34. Bc4 Qd7 35. Bb5 Qf7 36. Bxe8 Qb7 37. d7 Nxd7 38. Qxg7# 1-0

[Event "Championnat de France des Jeunes - Pouss"]
[Site "LA ROCHE SUR YON"]
[Date "2008.04.23"]
[Round "2.1"]
[White "Guedon, Sosthene"]
[Black "Msellek, Ilyass"]
[Result "1/2-1/2"]
[WhiteElo "1539"]
[BlackElo "1829"]
[PlyCount "78"]

1. e4 c5 2. Nf3 Nc6 3. d4 cxd4 4. Nxd4 e5 5. Nb5 d6 6. N1c3 a6 7. Na3 b5 8. Nd5
Nge7 9. c3 Nxd5 10. exd5 Na5 11. Nc2 Be7 12. a4 bxa4 13. Rxa4 Bd7 14. Ra1 O-O
15. Bd3 Bb5 16. Be3 f5 17. f3 Nb7 18. O-O Bxd3 19. Qxd3 Bg5 20. Qd2 Bxe3+ 21.
Qxe3 f4 22. Qe2 Nc5 23. Nb4 Qb6 24. Ra3 Nd3+ 25. Kh1 Nxb4 26. cxb4 Qxb4 27.
Rxa6 Rac8 28. h3 Rf7 29. Rfa1 Qc5 30. R6a5 Qb4 31. R1a4 Qb3 32. Qf2 Rfc7 33.
Ra8 Rc5 34. Rxc8+ Rxc8 35. Ra6 Qb5 36. Ra1 Rb8 37. Rb1 Kf7 38. Kh2 Rc8 39. Ra1
Rb8 1/2-1/2

[Event "Championnat de France des Jeunes - Pouss"]
[Site "LA ROCHE SUR YON"]
[Date "2008.04.23"]
[Round "2.3"]
[White "Baudry, Emilien"]
[Black "Devoille, Hugo"]
[Result "0-1"]
[WhiteElo "1524"]
[BlackElo "1741"]
[PlyCount "58"]

1. d4 Nf6 2. Nf3 g6 3. e3 Bg7 4. Bd3 O-O 5. Nbd2 d6 6. Nb3 Nbd7 7. Bd2 e5 8.
dxe5 dxe5 9. e4 Qe8 10. c3 Kh8 11. Qe2 b6 12. O-O-O a5 13. Rdg1 a4 14. Na1 Nc5
15. Bc2 Bb7 16. g4 Ncxe4 17. h4 Nxd2 18. Kxd2 e4 19. Ng5 e3+ 20. fxe3 Bxh1 21.
Rxh1 Bh6 22. Nxh7 Kxh7 23. g5 Bxg5 24. hxg5+ Kg7 25. Qh2 Rh8 26. Qg2 Rxh1 27.
Qxh1 Qh8 28. Qf3 Qh2+ 29. Kc1 Re8 0-1

[Event "Championnat de France des Jeunes - Pouss"]
[Site "LA ROCHE SUR YON"]
[Date "2008.04.23"]
[Round "2.5"]
[White "Leinenweber, Eliott"]
[Black "Rey, Gaetan"]
[Result "1-0"]
[WhiteElo "1500"]
[BlackElo "1690"]
[PlyCount "58"]

1. e4 c5 2. c3 Nf6 3. e5 Nd5 4. d4 e6 5. Nf3 Nc6 6. Be2 d6 7. exd6 Bxd6 8. Nbd2
cxd4 9. cxd4 Qb6 10. Nc4 Qd8 11. Nxd6+ Qxd6 12. O-O O-O 13. Bd2 Nf6 14. Bg5 Nd7
15. Qd2 Nb6 16. Bf4 Qe7 17. Qd3 Rd8 18. Qc3 Nd5 19. Qd2 Nxf4 20. Qxf4 Qb4 21.
Ne5 Nxe5 22. Qxe5 Qxd4 23. Rad1 Qb6 24. Rxd8+ Qxd8 25. Rd1 Qe8 26. Qc7 Bd7 27.
Rxd7 Rc8 28. Re7 Qxe7 29. Qxe7 Rc1+ 1-0

[Event "Championnat de France des Jeunes - Pouss"]
[Site "LA ROCHE SUR YON"]
[Date "2008.04.23"]
[Round "2.3"]
[White "Sauve, Anne-Charlotte"]
[Black "Imperor, Lorene"]
[Result "0-1"]
[WhiteElo "1290"]
[BlackElo "1530"]
[PlyCount "79"]

1. e4 c5 2. Nc3 d6 3. Be2 Nf6 4. Nf3 g6 5. O-O Bg7 6. d4 cxd4 7. Nxd4 O-O 8.
Bg5 Nc6 9. Nxc6 bxc6 10. Qd2 Re8 11. Rad1 Be6 12. Bf3 Qb6 13. Rb1 Reb8 14. Na4
Qb4 15. Qxb4 Rxb4 16. b3 Kf8 17. e5 Ne4 18. Be3 d5 19. c3 Rb7 20. Bxe4 dxe4 21.
Nc5 Rb5 22. Nxe6+ fxe6 23. Rfe1 Bxe5 24. Bh6+ Kf7 25. Rxe4 Bxh2+ 26. Kf1 Bd6
27. a3 g5 28. f4 Bxf4 29. Rbe1 Rf5 30. Kg1 Rf6 31. g3 Bd2 32. Rd1 Bxc3 33. Bxg5
Rg6 34. Rf4+ Ke8 35. Bh4 Rb8 36. Rc4 Rxb3 37. Rxc6 Be5 38. Kh1 Bxg3 39. Bxg3
Rbxg3 40. Rc8+ 0-1

[Event "Championnat de France des Jeunes - Pouss"]
[Site "LA ROCHE SUR YON"]
[Date "2008.04.23"]
[Round "2.5"]
[White "Lallemand, Emilie"]
[Black "Terrazzoni, Claire"]
[Result "1/2-1/2"]
[WhiteElo "1280"]
[BlackElo "1430"]
[PlyCount "59"]

1. e4 e5 2. Nf3 Nc6 3. Nc3 Nf6 4. Bb5 a6 5. Bxc6 dxc6 6. Nxe5 Bb4 7. Nf3 Bxc3
8. dxc3 Qxd1+ 9. Kxd1 O-O 10. Bg5 Nxe4 11. Rf1 Nxg5 12. Nxg5 Rd8+ 13. Ke2 Bf5
14. Rad1 Rxd1 15. Kxd1 Rd8+ 16. Kc1 h6 17. Nf3 Re8 18. Re1 Rxe1+ 19. Nxe1 c5
20. c4 b5 21. cxb5 axb5 22. a3 Be4 23. g3 g5 24. b4 cxb4 25. axb4 f5 26. f3 Bd5
27. h3 h5 28. f4 gxf4 29. gxf4 Kf7 30. Nd3 1/2-1/2